De oficio pintor : (Record no. 424)

MARC details
000 -LEADER
campo de control de longitud fija 02304cam a2200433Ia 4500
001 - NÚMERO DE CONTROL
campo de control 7083810
005 - FECHA Y HORA DE LA ÚLTIMA TRANSACCIÓN
campo de control 20220326193310.0
008 - DATOS DE LONGITUD FIJA--INFORMACIÓN GENERAL
campo de control de longitud fija 071211s2007 dr a bc 000 0dspa d
020 ## - NÚMERO INTERNACIONAL ESTÁNDAR DEL LIBRO
Número Internacional Estándar del Libro 9789945859645
020 ## - NÚMERO INTERNACIONAL ESTÁNDAR DEL LIBRO
Número Internacional Estándar del Libro 9945859641
035 ## - NÚMERO DE CONTROL DEL SISTEMA
Número de control de sistema (OCoLC)ocn183338303
035 ## - NÚMERO DE CONTROL DEL SISTEMA
Número de control de sistema (OCoLC)183338303
035 ## - NÚMERO DE CONTROL DEL SISTEMA
Número de control de sistema (NNC)7083810
040 ## - FUENTE DE CATALOGACIÓN
Centro catalogador/agencia de origen CAM
Centro/agencia transcriptor CAM
Centro/agencia modificador CAM
041 0# - CÓDIGO DE IDIOMA
Código de lengua del texto/banda sonora o título independiente spa
-- eng
043 ## - CÓDIGO DE ÁREA GEOGRÁFICA
Código de área geográfica s-ve---
082 ## - NÚMERO DE LA CLASIFICACIÓN DECIMAL DEWEY
Número de clasificación 709.87
Número de ítem D278o
090 ## - LOCALMENTE ASIGNADO TIPO-LC NÚMERO DE CLASIFICACIÓN (OCLC); NÚMERO DE CLASIFICACIÓN LOCAL (RLIN)
Número de clasificación (OCLC) (R) ; Numero de clasificación, CALL (RLIN) (NR) N5230.V42
Número cutter local (OCLC) ; Número de libro/Signatura topográfica íntegra, CALL (RLIN) D47 2007
100 ## - ENTRADA PRINCIPAL--NOMBRE DE PERSONA
Nombre de persona Jorge F. Rivas
9 (RLIN) 2040
110 ## - ENTRADA PRINCIPAL--NOMBRE DE ENTIDAD CORPORATIVA
Nombre de entidad corporativa o nombre de jurisdicción como elemento de entrada Colección Patricia Phelps de Cisneros.
9 (RLIN) 2041
245 00 - MENCIÓN DEL TÍTULO
Título De oficio pintor :
Resto del título arte colonial venezolano : colección Patricia Phelps de Cisneros.
Mención de responsabilidad, etc. Jorge F. Rivas
246 15 - FORMA VARIANTE DEL TITULO
Título propio/Titulo breve Painter by trade :
Resto del título Venezuelan colonial art
260 ## - PUBLICACIÓN, DISTRIBUCIÓN, ETC.
Lugar de publicación, distribución, etc. Santiago de los Caballeros, República Dominicana :
Nombre del editor, distribuidor, etc. Centro Léon ;
Lugar de publicación, distribución, etc. Caracas :
Nombre del editor, distribuidor, etc. Fundación Cisneros,
Fecha de publicación, distribución, etc. c2007.
300 ## - DESCRIPCIÓN FÍSICA
Extensión 124 p. :
Otras características físicas col. ill. ;
Dimensiones 29 cm.
500 ## - NOTA GENERAL
Nota general Catalog of an exhibition of the same name held June 21-Sept. 16, 2007 at Centro Léon, Santiago de los Caballeros, Domican Republic.
504 ## - NOTA DE BIBLIOGRAFÍA, ETC.
Nota de bibliografía, etc. Includes bibliographical references (p. 104-107).
505 ## - NOTA DE CONTENIDO CON FORMATO
Título Introducccion
Mención de responsabilidad Jorge F. Rivas
Título Breves comentarios sobre el oficio de pintor en Venezuela 1600-1822
Mención de responsabilidad Jorge F. Rivas
Título Pintura religiosa en Santo Domingo durante la colonia. Dos Colecciones del siglo XVIII
Mención de responsabilidad Maria Ugalde
Título I - Los primetos Maestros
-- II - Los talleres
-- III- Mas alla del lienzo
-- VI- La iglesia, cofradias y conventos
-- V-La devocion privada
-- VI- Intercambios
-- VII- La escuela de Caracas
-- Catalogo de obras
-- Notas bibliográficas de los artistas
Mención de responsabilidad Maria Esther Pino
Título Bibliografia
-- Exhibiciones
546 ## - NOTA DE IDIOMA
Nota de lengua/lenguaje Spanish and English.
600 10 - PUNTO DE ACCESO ADICIONAL DE MATERIA--NOMBRE DE PERSONA
Nombre de persona Phelps de Cisneros, Patricia
Subdivisión general Art collections
Subdivisión de forma Exhibitions.
9 (RLIN) 2042
610 20 - PUNTO DE ACCESO ADICIONAL DE MATERIA--NOMBRE DE ENTIDAD CORPORATIVA
Nombre de entidad corporativa o nombre de jurisdicción como elemento de entrada Colección Patricia Phelps de Cisneros
Subdivisión de forma Exhibitions.
9 (RLIN) 2043
650 #0 - PUNTO DE ACCESO ADICIONAL DE MATERIA--TÉRMINO DE MATERIA
Término de materia o nombre geográfico como elemento de entrada Art, Spanish colonial
Subdivisión geográfica Venezuela
Subdivisión de forma Exhibitions.
9 (RLIN) 2044
650 #0 - PUNTO DE ACCESO ADICIONAL DE MATERIA--TÉRMINO DE MATERIA
Término de materia o nombre geográfico como elemento de entrada Art, Venezuelan
Subdivisión de forma Exhibitions.
9 (RLIN) 2045
650 #0 - PUNTO DE ACCESO ADICIONAL DE MATERIA--TÉRMINO DE MATERIA
Término de materia o nombre geográfico como elemento de entrada Art
Subdivisión general Private collections
Subdivisión geográfica Venezuela
Subdivisión de forma Exhibitions.
9 (RLIN) 2046
650 #0 - PUNTO DE ACCESO ADICIONAL DE MATERIA--TÉRMINO DE MATERIA
Término de materia o nombre geográfico como elemento de entrada Art
Subdivisión general Collectors and collecting
Subdivisión geográfica Venezuela
Subdivisión de forma Exhibitions.
9 (RLIN) 2047
710 2# - ENTRADA AGREGADA--NOMBRE DE ENTIDAD CORPORATIVA
Nombre de entidad corporativa o nombre de jurisdicción como elemento de entrada Colección Patricia Phelps de Cisneros.
9 (RLIN) 2048
710 2# - ENTRADA AGREGADA--NOMBRE DE ENTIDAD CORPORATIVA
Nombre de entidad corporativa o nombre de jurisdicción como elemento de entrada Centro Cultural Eduardo León Jimenes.
9 (RLIN) 2049
948 1# - PROCESAMIENTO DE INFORMACIÓN LOCAL (OCLC); DESIGNADOR DE PARTE DE LA SERIE (RLIN)
Designador de la parte de la serie, SPT (RLIN) 20090306
b (OCLC) c
c (OCLC) rhg9
d (OCLC) SCMC
Holdings
Estatus retirado Estado de pérdida Fuente del sistema de clasificación o colocación Estado de daño No para préstamo Biblioteca de origen Biblioteca actual Ubicación en estantería Fecha de adquisición Total de préstamos Signatura topográfica completa Código de barras Visto por última vez Precio de reemplazo Tipo de ítem Koha
    Clasificación Decimal Dewey     Biblioteca LadoV Biblioteca LadoV   13/02/2015   709.87 D278o 000378 13/02/2015 13/02/2015 Material 01